000 00237nam a22001097a 4500
003 SGT
082 _a346.0954,BAR
100 _aBARE, ACT
245 _aHINDU SUCCESSION ACT
260 _aNEW DELHI
_bEASTERN BOOK
_c2015
942 _2ddc
_cBK
_03
999 _c11629
_d11629